000 00466nam a2200181Ia 4500
005 20250923144609.0
008 008 250917s9999 xx 000 0 eng d
037 _aPeriodicals
040 _aDSWL
_beng
_cDSWL
041 _aeng
_2eng
084 _qDSWL
245 0 _aJournal of Social Issues
260 _aAmerica
_bAmerican Psychological Association Press
_c1955
300 _a248p.
490 _v Vol.11, 1955
942 _cCR
999 _c1440957
_d1440957